[Event "Plzen, JF B"]
[Site "?"]
[Date "1999.??.??"]
[Round "3.7"]
[White "Barton, O."]
[Black "Priborsky, J."]
[Result "0-1"]
[WhiteElo "1673"]
[BlackElo "1444"]
[PlyCount "98"]
[EventDate "1999.??.??"]
[Source "ChessBase"]
[SourceDate "1996.11.15"]

1. e4 e5 2. Nf3 Nc6 3. Bc4 Nf6 4. Ng5 d5 5. exd5 Na5 6. d3 h6 7. Nf3 e4 8. Qe2
Nxc4 9. dxc4 Bc5 10. h3 O-O 11. Nfd2 e3 12. fxe3 Bxe3 13. Kd1 Re8 14. Qf3 h5
15. Nb3 Ng4 16. Rf1 f6 17. Qg3 Qe7 18. hxg4 Bxg4+ 19. Rf3 Bxc1 20. Kxc1 Bxf3
21. gxf3 Qe3+ 22. Kd1 Qe2+ 23. Kc1 Qf1+ 24. Kd2 Qxc4 25. Nc3 b5 26. Rg1 g5 27.
Kc1 h4 28. Qf2 Qf4+ 29. Kb1 Re3 30. Nd2 Rae8 31. Nce4 R8xe4 32. Nxe4 Rxe4 33.
Qxa7 Re3 34. Qb8+ Kg7 35. Qxb5 Qg3 36. Rc1 Re1 37. Qd7+ Kg6 38. b3 h3 39. Qd8
Rxc1+ 40. Kxc1 Qg1+ 41. Kb2 h2 42. Qg8+ Kf5 43. Qe6+ Kf4 44. Qxf6+ Ke3 45. Qe5+
Kf2 46. Qd4+ Ke1 47. Qe4+ Kf1 48. Qd3+ Kg2 49. Qd2+ Kh3 0-1

[Event "Plzen, JF B"]
[Site "?"]
[Date "1999.??.??"]
[Round "3.8"]
[White "Smid, J."]
[Black "Stich, M."]
[Result "1/2-1/2"]
[WhiteElo "1350"]
[BlackElo "1495"]
[PlyCount "69"]
[EventDate "1999.??.??"]
[Source "ChessBase"]
[SourceDate "1996.11.15"]

1. e4 e5 2. Nf3 Nc6 3. Bb5 a6 4. Bxc6 dxc6 5. O-O Bd6 6. d4 exd4 7. Qxd4 f6 8.
Re1 Ne7 9. e5 fxe5 10. Nxe5 O-O 11. Qc4+ Nd5 12. Nc3 Bxe5 13. Rxe5 Re8 14. Bg5
Qd7 15. Nxd5 cxd5 16. Rxd5 Qf7 17. Rc5 Qxc4 18. Rxc4 c6 19. Be3 Be6 20. Rd4
Rad8 21. a3 Rxd4 22. Bxd4 Rd8 23. Be3 Kf7 24. Kf1 Rd7 25. Ke1 Bd5 26. Rd1 Ke8
27. g3 Be4 28. Rxd7 Kxd7 29. Kd2 Ke6 30. Kc3 Kd5 31. b4 b5 32. Kb3 g6 33. h4 h5
34. c3 Ke6 35. a4 1/2-1/2

[Event "Plzen, JF B"]
[Site "?"]
[Date "1999.??.??"]
[Round "3.9"]
[White "Smid, M."]
[Black "Barton, J."]
[Result "1-0"]
[WhiteElo "1669"]
[BlackElo "1705"]
[PlyCount "57"]
[EventDate "1999.??.??"]
[Source "ChessBase"]
[SourceDate "1996.11.15"]

1. e4 d5 2. exd5 Nf6 3. c4 c6 4. d4 cxd5 5. Nc3 Nc6 6. Bg5 e6 7. c5 Be7 8. Bb5
O-O 9. Nf3 Qc7 10. Bxc6 bxc6 11. O-O Re8 12. Bh4 Nd7 13. Bg3 Qb7 14. Rb1 Bf6
15. Re1 Qb4 16. Qa4 Qxa4 17. Nxa4 Ba6 18. b4 Bc4 19. Nc3 a5 20. b5 Nxc5 21.
bxc6 Rac8 22. c7 Bd3 23. Nb5 Na6 24. Nd6 Bxb1 25. Rxb1 Be7 26. Nxe8 Rxe8 27.
Rb6 Nxc7 28. Bxc7 g5 29. Rb8 1-0

[Event "Plzen, JF B"]
[Site "?"]
[Date "1999.??.??"]
[Round "3.10"]
[White "Bauer, J."]
[Black "Honzl, O."]
[Result "1-0"]
[WhiteElo "1575"]
[BlackElo "1268"]
[PlyCount "83"]
[EventDate "1999.??.??"]
[Source "ChessBase"]
[SourceDate "1996.11.15"]

1. d4 d5 2. c4 dxc4 3. Nf3 Nf6 4. e3 e6 5. Bxc4 c5 6. O-O a6 7. Qe2 b5 8. Bd3
Bb7 9. dxc5 Bxc5 10. Bxb5+ Nbd7 11. Ba4 O-O 12. Rd1 Nd5 13. e4 N5b6 14. Ne5 Bc8
15. Nxd7 Bxd7 16. Bxd7 Nxd7 17. Qg4 Qf6 18. Qf4 Rfd8 19. Nc3 Bd4 20. Qxf6 Nxf6
21. Bg5 Rab8 22. Na4 h6 23. Bxf6 gxf6 24. Rab1 Rb4 25. b3 Rdb8 26. Kf1 Be5 27.
Re1 Bxh2 28. g3 R8b5 29. Kg2 Bxg3 30. Kxg3 Rg5+ 31. Kf3 h5 32. Rbc1 f5 33. Rc4
fxe4+ 34. Rexe4 Rf5+ 35. Ke3 Rxc4 36. Rxc4 Re5+ 37. Kf3 Rf5+ 38. Rf4 Rxf4+ 39.
Kxf4 f6 40. Nc5 Kf7 41. Nxa6 e5+ 42. Kf5 1-0

[Event "Plzen, JF B"]
[Site "?"]
[Date "1999.??.??"]
[Round "3.11"]
[White "Fastova, K."]
[Black "Straka, V."]
[Result "0-1"]
[WhiteElo "1255"]
[BlackElo "1572"]
[PlyCount "88"]
[EventDate "1999.??.??"]
[Source "ChessBase"]
[SourceDate "1996.11.15"]

1. e4 e6 2. d4 d5 3. e5 c5 4. c3 Nc6 5. Nf3 Qb6 6. Be2 cxd4 7. cxd4 Nge7 8.
Nbd2 Nxd4 9. Nxd4 Qxd4 10. Nf3 Qxd1+ 11. Bxd1 Nc6 12. b3 Bc5 13. Bb2 O-O 14.
O-O Bd7 15. Re1 Rac8 16. Bc2 Nb4 17. Bb1 Bb5 18. Nd4 Nd3 19. Nxb5 Bxf2+ 20. Kf1
Nxe1 21. Kxf2 Nc2 22. Ba3 Nxa3 23. Nxa3 a6 24. Bd3 Rc3 25. Rd1 Rfc8 26. Ke2 Kf8
27. Rf1 Ke7 28. Nb1 Rc1 29. Rxc1 Rxc1 30. Nd2 h6 31. Kf2 f6 32. Nf3 Ra1 33. a4
Ra3 34. exf6+ gxf6 35. Nd2 e5 36. Bf5 b5 37. axb5 axb5 38. Ke3 Kd6 39. Kd3 Kc5
40. Kc3 Ra2 41. g3 b4+ 42. Kd3 e4+ 43. Ke2 Kd4 44. h3 Kc3 0-1

[Event "Plzen, JF B"]
[Site "?"]
[Date "1999.??.??"]
[Round "3.12"]
[White "Svoboda, Jan"]
[Black "Rehak, M."]
[Result "1-0"]
[WhiteElo "1553"]
[BlackElo "1259"]
[PlyCount "75"]
[EventDate "1999.??.??"]
[Source "ChessBase"]
[SourceDate "1996.11.15"]

1. e4 e5 2. Nf3 Nc6 3. Bc4 Bc5 4. d3 d6 5. Nc3 Bg4 6. Be3 Bb6 7. Bb5 Nge7 8.
Nd5 O-O 9. Bg5 f6 10. Bc4 Kh8 11. Nxf6 gxf6 12. Bh6 Qd7 13. Bxf8 Rxf8 14. h3
Be6 15. Bxe6 Qxe6 16. Nh4 d5 17. Qe2 Nd4 18. exd5 Nxd5 19. Qd2 Nf4 20. c3 Nxg2+
21. Kf1 Nxh4 22. cxd4 Bxd4 23. Qh6 Ng6 24. Rg1 Qf7 25. Rxg6 Qxg6 26. Qxf8+ Qg8
27. Qxf6+ Qg7 28. Qxg7+ Kxg7 29. Rc1 c6 30. b3 Kf6 31. Kg2 h6 32. Re1 Kg5 33.
Re4 h5 34. f4+ Kf5 35. Kg3 exf4+ 36. Rxf4+ Ke5 37. Rh4 Be3 38. Re4+ 1-0

[Event "Plzen, JF B"]
[Site "?"]
[Date "1999.??.??"]
[Round "3.13"]
[White "Martinek, P."]
[Black "Kralovec, V."]
[Result "1/2-1/2"]
[WhiteElo "1550"]
[BlackElo "1536"]
[PlyCount "71"]
[EventDate "1999.??.??"]
[Source "ChessBase"]
[SourceDate "1996.11.15"]

1. e4 d6 2. f4 Nf6 3. Nc3 g6 4. d4 Bg7 5. e5 dxe5 6. fxe5 Nd5 7. Nf3 c6 8. Be2
O-O 9. O-O Bf5 10. Nh4 Be6 11. Bg4 Bxg4 12. Qxg4 Nb4 13. Qd1 N8a6 14. a3 Nd5
15. Ne2 Nac7 16. Nf3 Ne6 17. c3 Rc8 18. Qe1 b5 19. Qh4 c5 20. dxc5 Rxc5 21. Bh6
Rc4 22. Qh3 Qb6+ 23. Kh1 a5 24. Bxg7 Kxg7 25. Ned4 Ndf4 26. Qh4 Qb7 27. Nxe6+
Nxe6 28. Qe1 Rd8 29. b3 Re4 30. Qc1 Nc5 31. Qc2 h6 32. Rad1 Rc8 33. Rfe1 Rxe1+
34. Rxe1 Qd5 35. Nd4 Na6 36. Qd3 1/2-1/2

[Event "Plzen, JF B"]
[Site "?"]
[Date "1999.??.??"]
[Round "3.14"]
[White "Bernerova, M."]
[Black "Bim, T."]
[Result "1-0"]
[WhiteElo "1485"]
[BlackElo "1550"]
[PlyCount "69"]
[EventDate "1999.??.??"]
[Source "ChessBase"]
[SourceDate "1996.11.15"]

1. e4 e5 2. Nf3 Nc6 3. Bb5 Bc5 4. O-O Nf6 5. d3 a6 6. Bxc6 dxc6 7. Nxe5 Qd6 8.
Nc4 Qd8 9. Bg5 h6 10. Bh4 O-O 11. h3 Be6 12. Ncd2 Qd4 13. Nc3 Qd8 14. e5 g5 15.
Bg3 Nd7 16. Qe2 Qe7 17. Nb3 Bxb3 18. axb3 Bd4 19. Rfe1 Rfe8 20. e6 Qxe6 21.
Qxe6 Rxe6 22. Rxe6 fxe6 23. Bxc7 Rf8 24. Bg3 e5 25. Re1 Re8 26. Nd1 Nc5 27. Kf1
Kf7 28. Re2 Kf6 29. c3 Bxf2 30. Rxf2+ Ke6 31. Rf3 Nxb3 32. Re3 Rf8+ 33. Ke1 Nc5
34. Rxe5+ Kd7 35. Rxc5 1-0

[Event "Plzen, JF B"]
[Site "?"]
[Date "1999.??.??"]
[Round "3.15"]
[White "Simlova, J."]
[Black "Kracik, M."]
[Result "0-1"]
[WhiteElo "1550"]
[BlackElo "1458"]
[PlyCount "60"]
[EventDate "1999.??.??"]
[Source "ChessBase"]
[SourceDate "1996.11.15"]

1. e4 e5 2. f4 d6 3. Nf3 Nc6 4. Bc4 Be7 5. O-O f5 6. Nc3 g6 7. d4 Bf6 8. dxe5
dxe5 9. Be3 Qxd1 10. Raxd1 Bd7 11. Ng5 Bxg5 12. fxg5 O-O-O 13. exf5 gxf5 14.
Nb5 a6 15. Na7+ Nxa7 16. Bxa7 Ne7 17. Rfe1 Ng6 18. Rd5 Rhe8 19. Ra5 Bc6 20. Bd3
e4 21. Bc4 Re5 22. Rxe5 Nxe5 23. Be6+ Bd7 24. Bd5 b6 25. Re3 Bc6 26. Bxc6 Nxc6
27. Bxb6 cxb6 28. Rc3 Kb7 29. Kf2 f4 30. Rh3 Rd7 0-1

[Event "Plzen, JF B"]
[Site "?"]
[Date "1999.??.??"]
[Round "3.16"]
[White "Cervinka, R."]
[Black "Pokorny, J."]
[Result "1-0"]
[WhiteElo "1444"]
[BlackElo "1550"]
[PlyCount "125"]
[EventDate "1999.??.??"]
[Source "ChessBase"]
[SourceDate "1996.11.15"]

1. e4 e5 2. Nf3 Nc6 3. Bb5 a6 4. Ba4 Nf6 5. O-O d6 6. h3 Be7 7. Re1 O-O 8. c3
b5 9. Bc2 Re8 10. d4 exd4 11. cxd4 Bb7 12. Bf4 Nh5 13. Qd2 Bf6 14. Bh2 Ne7 15.
g4 Bc8 16. e5 dxe5 17. dxe5 Nd5 18. Bb3 c6 19. Bxd5 cxd5 20. exf6 Nxf6 21.
Rxe8+ Nxe8 22. Nc3 Bb7 23. Re1 b4 24. Nd1 d4 25. Qe2 h6 26. Nd2 Nf6 27. f3 Qd5
28. Qe5 Qc6 29. Qxd4 g5 30. Nf2 Nd7 31. Qd6 Qxd6 32. Bxd6 Rd8 33. Bxb4 Nb6 34.
Ba5 Rd6 35. Nde4 Rg6 36. Bxb6 Rxb6 37. b3 Re6 38. Nd3 Rc6 39. Rc1 Rb6 40. Ndc5
Rc6 41. Rd1 Ba8 42. Rd8+ Kg7 43. Rxa8 Kg6 44. Rxa6 Rxa6 45. Nxa6 f5 46. gxf5+
Kxf5 47. Kg2 Ke5 48. Nxg5 hxg5 49. Nc5 Kd5 50. b4 Kc6 51. a4 Kb6 52. Kf2 g4 53.
fxg4 Kc7 54. b5 Kb6 55. Nb3 Kb7 56. a5 Ka7 57. Nc5 Kb8 58. b6 Kc8 59. a6 Kb8
60. Nd7+ Ka8 61. b7+ Ka7 62. b8=Q+ Kxa6 63. Qb6# 1-0

[Event "Plzen, JF B"]
[Site "?"]
[Date "1999.??.??"]
[Round "3.17"]
[White "Vogltanz, M."]
[Black "Simlova, K."]
[Result "1-0"]
[WhiteElo "1429"]
[BlackElo "1550"]
[PlyCount "33"]
[EventDate "1999.??.??"]
[Source "ChessBase"]
[SourceDate "1996.11.15"]

1. e4 e5 2. Nf3 Nc6 3. d4 exd4 4. Bc4 Nf6 5. O-O Bc5 6. Bg5 d6 7. h3 O-O 8. c3
dxc3 9. Nxc3 Qe7 10. Nd5 Qd8 11. Qc1 Nd4 12. Bxf6 gxf6 13. Qh6 Ne6 14. Nxf6+
Qxf6 15. Qxf6 Ng7 16. Ng5 Be6 17. Qh6 1-0

[Event "Plzen, JF B"]
[Site "?"]
[Date "1999.??.??"]
[Round "3.18"]
[White "Matousek, Lu"]
[Black "Zemen, J."]
[Result "0-1"]
[WhiteElo "1350"]
[BlackElo "1375"]
[PlyCount "50"]
[EventDate "1999.??.??"]
[Source "ChessBase"]
[SourceDate "1996.11.15"]

1. e4 e5 2. Nf3 Nc6 3. Nc3 Nf6 4. Bc4 Nxe4 5. Nxe4 d5 6. Nc5 Bxc5 7. Bb5 O-O 8.
O-O e4 9. d4 exf3 10. Qxf3 Nxd4 11. Qd3 Nxb5 12. Qxb5 Qd6 13. Be3 Bxe3 14. fxe3
Qb6 15. Qxb6 axb6 16. Rae1 Rxa2 17. e4 dxe4 18. Rxe4 Be6 19. Rd1 Rxb2 20. Red4
Rxc2 21. Rd8 g6 22. Rxf8+ Kxf8 23. Rd8+ Ke7 24. Rb8 Bd5 25. Rxb7 Bxb7 0-1

[Event "Plzen, JF B"]
[Site "?"]
[Date "1999.??.??"]
[Round "3.19"]
[White "Petera, L."]
[Black "Smazalova, H."]
[Result "1-0"]
[WhiteElo "1324"]
[BlackElo "1350"]
[PlyCount "95"]
[EventDate "1999.??.??"]
[Source "ChessBase"]
[SourceDate "1996.11.15"]

1. e4 e5 2. Nf3 Nc6 3. Bc4 Nf6 4. d3 Bc5 5. Nc3 h6 6. Be3 Bxe3 7. fxe3 d6 8.
O-O Bg4 9. Qd2 O-O 10. Rad1 Qd7 11. Bb3 Rfe8 12. Rf2 Re7 13. Rdf1 Be6 14. h3
Nh5 15. Re1 Ng3 16. d4 Rd8 17. d5 Bxd5 18. Bxd5 Rde8 19. Kh2 Nh5 20. Ref1 Nf6
21. Bb3 Nb4 22. Nh4 Qc6 23. Nf5 Rd7 24. Ba4 Nxe4 25. Bxc6 Nxd2 26. Bxd7 Nxf1+
27. Kg1 Rd8 28. Bb5 a6 29. Bxf1 g6 30. Nxh6+ Kg7 31. Nxf7 Nxc2 32. Rxc2 Kxf7
33. Bd3 c6 34. Rf2+ Kg7 35. g4 b5 36. h4 Rh8 37. Rh2 c5 38. Nd5 c4 39. Bc2 a5
40. Ne7 a4 41. Nxg6 Kf6 42. g5+ Kg7 43. h5 Rg8 44. h6+ Kf7 45. h7 Rh8 46. Nxh8+
Ke6 47. Ng6 Kd5 48. h8=Q 1-0

[Event "Plzen, JF B"]
[Site "?"]
[Date "1999.??.??"]
[Round "3.20"]
[White "Palkova, K."]
[Black "Hruska, V."]
[Result "0-1"]
[WhiteElo "1350"]
[BlackElo "1275"]
[PlyCount "124"]
[EventDate "1999.??.??"]
[Source "ChessBase"]
[SourceDate "1996.11.15"]

1. e4 e5 2. Nf3 Nc6 3. Bc4 Bc5 4. Nc3 d6 5. h3 Nf6 6. d3 h6 7. Bd2 Be6 8. Bb5
a6 9. Bxc6+ bxc6 10. Qe2 O-O 11. O-O-O Rb8 12. Be3 Bxe3+ 13. Qxe3 Rb7 14. g4
Nh7 15. Rhg1 Ng5 16. Nxg5 Qxg5 17. Qxg5 hxg5 18. d4 exd4 19. Rxd4 Rfb8 20. b3
c5 21. Rd2 c4 22. bxc4 Bxc4 23. Rd4 Bxa2 24. Ra4 Be6 25. Rxa6 Rb6 26. Rxb6 Rxb6
27. Rd1 Kf8 28. Nd5 Bxd5 29. Rxd5 f6 30. Kd2 Ke7 31. c4 Rb4 32. Kc3 Rb1 33. Kd2
Rf1 34. Ke2 Ra1 35. c5 Ra2+ 36. Kf1 Ra4 37. cxd6+ cxd6 38. f3 Rc4 39. Kg2 Rc5
40. Rd4 Ke6 41. Kf2 Ke5 42. Ke3 Rc3+ 43. Rd3 Rxd3+ 44. Kxd3 Kf4 45. Ke2 Kg3 46.
Ke3 g6 47. Ke2 Kxh3 48. Kf2 Kh2 49. Ke3 Kg3 50. Ke2 Kf4 51. Kf2 f5 52. exf5
gxf5 53. gxf5 Kxf5 54. Ke3 Ke5 55. Ke2 d5 56. Ke3 d4+ 57. Kd3 Kf4 58. Ke2 d3+
59. Kxd3 Kxf3 60. Kd2 Kf2 61. Kd3 g4 62. Ke4 g3 0-1

[Event "Plzen, JF B"]
[Site "?"]
[Date "1999.??.??"]
[Round "3.21"]
[White "Konig, M."]
[Black "Grobelsek, M."]
[Result "0-1"]
[WhiteElo "1550"]
[BlackElo "1500"]
[PlyCount "42"]
[EventDate "1999.??.??"]
[Source "ChessBase"]
[SourceDate "1996.11.15"]

1. e4 e5 2. d4 exd4 3. c3 d5 4. exd5 Qxd5 5. cxd4 Nc6 6. Nf3 Bg4 7. Be3 O-O-O
8. Qd3 Bxf3 9. gxf3 Qxf3 10. Rg1 Bb4+ 11. Nc3 Ne5 12. Qd1 Qe4 13. Ke2 Bxc3 14.
bxc3 f5 15. Bh3 Kb8 16. Kf1 Nf6 17. Rb1 Nf3 18. Bg2 Ng4 19. Ke2 Nxg1+ 20. Kf1
Nxe3+ 21. Kxg1 Qxg2# 0-1

[Event "Plzen, JF B"]
[Site "?"]
[Date "1999.??.??"]
[Round "3.22"]
[White "Momotov, I."]
[Black "Kracikova, K."]
[Result "0-1"]
[WhiteElo "1350"]
[BlackElo "1550"]
[PlyCount "64"]
[EventDate "1999.??.??"]
[Source "ChessBase"]
[SourceDate "1996.11.15"]

1. e4 e5 2. Nf3 Nc6 3. Bb5 a6 4. Bxc6 bxc6 5. Nxe5 Qe7 6. d4 Bb7 7. O-O Nf6 8.
Bg5 h6 9. Bh4 g5 10. Bg3 h5 11. f3 h4 12. Be1 O-O-O 13. Nc3 d6 14. Nc4 h3 15.
Rf2 Qe6 16. Bd2 Qxc4 17. Bxg5 Be7 18. e5 dxe5 19. Qd2 Rxd4 20. Qe3 Qe6 21. Ne2
Rc4 22. Rd1 Bc5 23. Qd3 Bxf2+ 24. Kxf2 e4 25. Qd8+ Rxd8 26. Nf4 Rxc2+ 27. Kg3
Qf5 28. fxe4 Qxg5+ 29. Kf3 Rxd1 30. gxh3 c5 31. h4 Bxe4+ 32. Ke3 Qg1# 0-1

[Event "Plzen, JF B"]
[Site "?"]
[Date "1999.??.??"]
[Round "3.23"]
[White "Soral, D."]
[Black "Matousek, Li"]
[Result "1-0"]
[WhiteElo "1550"]
[BlackElo "1350"]
[PlyCount "65"]
[EventDate "1999.??.??"]
[Source "ChessBase"]
[SourceDate "1996.11.15"]

1. e4 e5 2. Nf3 Nc6 3. d4 exd4 4. Nxd4 Nxd4 5. Qxd4 Nf6 6. Nc3 b6 7. e5 Bc5 8.
Qf4 O-O 9. f3 Re8 10. Be2 d6 11. exf6 Qxf6 12. Qa4 Bd7 13. Qxd7 Qh4+ 14. g3 Qe7
15. Qh3 Bb4 16. Qg2 Bxc3+ 17. bxc3 Rad8 18. Ba3 Qxe2+ 19. Qxe2 Rxe2+ 20. Kxe2
Re8+ 21. Kf2 c5 22. Rad1 Rd8 23. Rhe1 h6 24. Re7 b5 25. Rxa7 b4 26. cxb4 cxb4
27. Bxb4 d5 28. Ba5 Rd6 29. Ra8+ Kh7 30. c4 dxc4 31. Rxd6 f6 32. h4 g5 33. h5
1-0

[Event "Plzen, JF B"]
[Site "?"]
[Date "1999.??.??"]
[Round "3.24"]
[White "Bouska, M."]
[Black "Toman, J."]
[Result "0-1"]
[WhiteElo "1250"]
[BlackElo "1550"]
[PlyCount "50"]
[EventDate "1999.??.??"]
[Source "ChessBase"]
[SourceDate "1996.11.15"]

1. e4 c5 2. Nc3 d6 3. g3 Nf6 4. Bg2 g6 5. d3 Bg7 6. f4 Bg4 7. Nf3 Nc6 8. O-O
O-O 9. h3 Bxf3 10. Bxf3 Rc8 11. f5 Ne5 12. g4 Qb6 13. h4 c4+ 14. Kh2 cxd3 15.
cxd3 e6 16. fxe6 fxe6 17. Kg2 Nfd7 18. h5 Rf7 19. hxg6 Nxg6 20. Qe2 Rcf8 21.
Kg3 Qc7 22. Bd2 d5+ 23. Kg2 Nh4+ 24. Kh1 Nxf3 25. Rf2 Qg3 0-1

[Event "Plzen, JF B"]
[Site "?"]
[Date "1999.??.??"]
[Round "3.25"]
[White "Jurek, M."]
[Black "Tolar, J."]
[Result "1-0"]
[WhiteElo "1350"]
[BlackElo "1350"]
[PlyCount "51"]
[EventDate "1999.??.??"]
[Source "ChessBase"]
[SourceDate "1996.11.15"]

1. e4 e5 2. Nf3 Nc6 3. Bc4 Be7 4. O-O d6 5. d4 Bg4 6. Qd3 Bxf3 7. Qxf3 Nf6 8.
d5 Na5 9. Bd3 b6 10. b4 Nb7 11. Bb5+ Nd7 12. Qc3 a6 13. Bc6 Ra7 14. Na3 O-O 15.
Rb1 Nb8 16. Ba4 Qc8 17. Qg3 g6 18. Bh6 Rd8 19. f4 Bf6 20. fxe5 Bxe5 21. Qf3 f6
22. Nc4 Bd4+ 23. Ne3 b5 24. Bb3 Rd7 25. Rbd1 c5 26. dxc6+ 1-0

[Event "Plzen, JF B"]
[Site "?"]
[Date "1999.??.??"]
[Round "3.26"]
[White "Kovar, J."]
[Black "Karbusicky, O."]
[Result "0-1"]
[WhiteElo "1250"]
[BlackElo "1350"]
[PlyCount "58"]
[EventDate "1999.??.??"]
[Source "ChessBase"]
[SourceDate "1996.11.15"]

1. e4 e5 2. Nf3 Nc6 3. Nc3 Nf6 4. Bb5 a6 5. Bxc6 bxc6 6. Nxe5 d6 7. Nxc6 Qd7 8.
e5 dxe5 9. Qf3 Bb7 10. O-O Bxc6 11. Qe3 Ng4 12. Qe2 Bc5 13. Ne4 Bb6 14. h3 f5
15. b3 Bxe4 16. Bb2 O-O 17. hxg4 fxg4 18. d4 exd4 19. Qxe4 Rae8 20. Qb7 d3 21.
Rfe1 g3 22. Rxe8 gxf2+ 23. Kh1 Rxe8 24. Qf3 d2 25. Rd1 Qe6 26. g3 Qh6+ 27. Kg2
Re1 28. Qd5+ Kf8 29. Qd7 f1=Q# 0-1

[Event "Plzen, JF B"]
[Site "?"]
[Date "1999.??.??"]
[Round "3.27"]
[White "Kracikova, L."]
[Black "Franta, S."]
[Result "1-0"]
[WhiteElo "1350"]
[BlackElo "1550"]
[PlyCount "45"]
[EventDate "1999.??.??"]
[Source "ChessBase"]
[SourceDate "1996.11.15"]

1. e4 e5 2. Nf3 Nc6 3. Nc3 Bc5 4. Bc4 d6 5. Ng5 Bxf2+ 6. Kxf2 Qf6+ 7. Nf3 Nd4
8. d3 Nxf3 9. gxf3 Qh4+ 10. Ke2 Ne7 11. Nb5 O-O 12. Nxc7 Rb8 13. Qg1 b5 14.
Nxb5 Be6 15. a4 Qh5 16. Be3 d5 17. Bb3 d4 18. Bd2 a6 19. Nd6 Bxb3 20. cxb3 Rxb3
21. Rb1 Rfb8 22. Bc1 Qh6 23. Bxh6 1-0

[Event "Plzen, JF B"]
[Site "?"]
[Date "1999.??.??"]
[Round "4.1"]
[White "Galicek, S."]
[Black "Rybak, D."]
[Result "1/2-1/2"]
[WhiteElo "1860"]
[BlackElo "1798"]
[PlyCount "103"]
[EventDate "1999.??.??"]
[Source "ChessBase"]
[SourceDate "1996.11.15"]

1. d4 d5 2. c4 e6 3. Nc3 c5 4. cxd5 exd5 5. Nf3 Nc6 6. g3 Nf6 7. Bg2 Be7 8. O-O
O-O 9. Bg5 cxd4 10. Nxd4 h6 11. Be3 Re8 12. Rc1 Bg4 13. Nxc6 bxc6 14. Na4 Qa5
15. f3 Bd7 16. Bc5 Bd8 17. Rf2 Bb6 18. Qd4 Rab8 19. Bf1 Ne4 20. Nxb6 Nxc5 21.
Rxc5 Qxb6 22. e3 Re7 23. Rd2 Rbe8 24. Rd3 Qb8 25. Rb3 Qc7 26. Kf2 Rb8 27. Qxd5
Be6 28. Rxb8+ Qxb8 29. Qd4 Bxa2 30. Rxc6 Rb7 31. Rc2 Bb1 32. Rd2 Bf5 33. Qd8+
Qxd8 34. Rxd8+ Kh7 35. Rd2 Be6 36. Bd3+ g6 37. e4 a5 38. f4 a4 39. f5 Ba2 40.
Ke3 Kg7 41. Kf4 gxf5 42. exf5 Rb3 43. Ke5 f6+ 44. Kd6 a3 45. bxa3 Rxa3 46. Be4
Bg8 47. Bc6 h5 48. Be8 h4 49. gxh4 Ra2 50. Rxa2 Bxa2 51. Ke7 Bb1 52. Ke6
1/2-1/2

[Event "Plzen, JF B"]
[Site "?"]
[Date "1999.??.??"]
[Round "4.2"]
[White "Fiser, J."]
[Black "Studnicka, T."]
[Result "1/2-1/2"]
[WhiteElo "1683"]
[BlackElo "1651"]
[PlyCount "32"]
[EventDate "1999.??.??"]
[Source "ChessBase"]
[SourceDate "1996.11.15"]

1. b4 e6 2. Bb2 Nf6 3. a3 d5 4. Nf3 c5 5. bxc5 Bxc5 6. e3 Nc6 7. d4 Bd6 8. Nbd2
O-O 9. Bd3 Re8 10. Ne5 Nd7 11. Bxh7+ Kxh7 12. Qh5+ Kg8 13. Qxf7+ Kh7 14. Qh5+
Kg8 15. Qf7+ Kh8 16. Qh5+ Kg8 1/2-1/2

[Event "Plzen, JF B"]
[Site "?"]
[Date "1999.??.??"]
[Round "4.3"]
[White "Priborsky, J."]
[Black "Svoboda, Jar"]
[Result "1/2-1/2"]
[WhiteElo "1444"]
[BlackElo "1740"]
[PlyCount "41"]
[EventDate "1999.??.??"]
[Source "ChessBase"]
[SourceDate "1996.11.15"]

1. e4 Nf6 2. e5 Nd5 3. d4 d6 4. Nf3 Bf5 5. Bd3 Bg6 6. O-O e6 7. a3 dxe5 8. dxe5
Nc6 9. Qe2 Bc5 10. Bg5 Bxd3 11. Qxd3 Nxe5 12. Nxe5 Qxg5 13. Qb5+ c6 14. Nxc6
O-O 15. Qxc5 Rac8 16. Ne7+ Qxe7 17. Qxe7 Nxe7 18. Nc3 Rfd8 19. Rad1 Nf5 20.
Rxd8+ Rxd8 21. Rd1 1/2-1/2

[Event "Plzen, JF B"]
[Site "?"]
[Date "1999.??.??"]
[Round "4.4"]
[White "Novy, V."]
[Black "Smid, M."]
[Result "0-1"]
[WhiteElo "1646"]
[BlackElo "1669"]
[PlyCount "74"]
[EventDate "1999.??.??"]
[Source "ChessBase"]
[SourceDate "1996.11.15"]

1. e4 c5 2. Nc3 Nc6 3. f4 g6 4. Nf3 Bg7 5. Bc4 e6 6. f5 Nge7 7. fxe6 fxe6 8. d3
d5 9. Bb3 O-O 10. O-O b5 11. Nxb5 Qb6 12. c4 Ba6 13. Ba4 dxc4 14. dxc4 Rad8 15.
Qe2 Bxb5 16. cxb5 Nd4 17. Nxd4 Rxf1+ 18. Kxf1 Rxd4 19. Bb3 Qd6 20. e5 Bxe5 21.
Bg5 Nf5 22. Re1 Bxh2 23. Qxe6+ Qxe6 24. Rxe6 c4 25. Bc2 Rd5 26. b6 axb6 27. Be3
Kf7 28. Re4 Ng3+ 29. Kf2 Nxe4+ 30. Bxe4 Rb5 31. Bd4 Be5 32. Bxe5 Rxe5 33. Kf3
Rb5 34. a4 Rb3+ 35. Kf4 Rxb2 36. Bd3 Kf6 37. Bxc4 Rb4 0-1

[Event "Plzen, JF B"]
[Site "?"]
[Date "1999.??.??"]
[Round "4.5"]
[White "Sodoma, J."]
[Black "Priborsky, I."]
[Result "0-1"]
[WhiteElo "1745"]
[BlackElo "1525"]
[PlyCount "70"]
[EventDate "1999.??.??"]
[Source "ChessBase"]
[SourceDate "1996.11.15"]

1. d4 Nf6 2. g3 g6 3. Bg2 Bg7 4. e4 d6 5. Ne2 O-O 6. O-O Nbd7 7. c4 e5 8. d5 a5
9. Nbc3 Nc5 10. Be3 Nfd7 11. Nb5 f5 12. Nec3 f4 13. gxf4 exf4 14. Bd4 Be5 15.
f3 Rf7 16. a3 a4 17. Rb1 Rg7 18. Kh1 Bxd4 19. Nxd4 Ne5 20. Qe2 Qf6 21. Rg1 Ned3
22. Nc2 Qh4 23. Nd1 g5 24. Nb4 Ne5 25. Qf2 Qh5 26. Rf1 Rg6 27. Nc3 Rh6 28. Qg1
Nxc4 29. Rf2 Ne3 30. Bf1 Kh8 31. Be2 Bh3 32. Nd1 Rg8 33. Nd3 Nxd3 34. Bxd3 g4
35. Nxe3 fxe3 0-1

[Event "Plzen, JF B"]
[Site "?"]
[Date "1999.??.??"]
[Round "4.6"]
[White "Bernerova, M."]
[Black "Horacek, D."]
[Result "0-1"]
[WhiteElo "1485"]
[BlackElo "1704"]
[PlyCount "74"]
[EventDate "1999.??.??"]
[Source "ChessBase"]
[SourceDate "1996.11.15"]

1. e4 d5 2. exd5 Nf6 3. d4 Nxd5 4. c4 Nb4 5. Qa4+ N4c6 6. a3 Na6 7. d5 Nc5 8.
Qd1 Ne5 9. Nc3 Bf5 10. Nf3 Ned3+ 11. Bxd3 Nxd3+ 12. Kf1 g6 13. Nh4 Nxc1 14.
Nxf5 gxf5 15. Rxc1 Bg7 16. Qf3 Qd7 17. Ke2 O-O-O 18. Rhd1 Kb8 19. Kf1 Qd6 20.
g3 Bh6 21. Rc2 Qg6 22. Re2 Bg5 23. Ree1 h5 24. h4 Bf6 25. Na4 Qg4 26. Qxg4 fxg4
27. b4 b6 28. Rb1 Rhe8 29. Red1 e6 30. dxe6 fxe6 31. Rxd8+ Rxd8 32. Ke2 Bd4 33.
Nb2 Rf8 34. Nd3 e5 35. Rd1 Rf3 36. Rf1 e4 37. Nc5 Rxa3 0-1

[Event "Plzen, JF B"]
[Site "?"]
[Date "1999.??.??"]
[Round "4.7"]
[White "Kracik, M."]
[Black "Sedy, P."]
[Result "0-1"]
[WhiteElo "1458"]
[BlackElo "1671"]
[PlyCount "78"]
[EventDate "1999.??.??"]
[Source "ChessBase"]
[SourceDate "1996.11.15"]

1. e4 b6 2. Nc3 e6 3. d4 Bb7 4. Bd3 Nf6 5. Be3 d5 6. e5 Nfd7 7. f4 c5 8. Nf3
Nc6 9. Bb5 a6 10. Bxc6 Bxc6 11. Ne2 cxd4 12. Nexd4 Qc7 13. O-O Bc5 14. Qd2 O-O
15. Rac1 Bb5 16. Rfe1 Rfe8 17. a3 Rac8 18. Nxb5 axb5 19. Kh1 f6 20. c3 fxe5 21.
fxe5 Nb8 22. Bd4 Nc6 23. h3 Na5 24. Qd3 Nc4 25. Rc2 Qe7 26. Ra1 Ra8 27. b4 Rxa3
28. Rxa3 Nxa3 29. bxc5 Nxc2 30. Qxc2 bxc5 31. Bf2 Rb8 32. Bh4 Qd7 33. Ng5 g6
34. Nf3 Qa7 35. Qc1 b4 36. Bf6 b3 37. Qh6 b2 38. Nd2 b1=Q+ 39. Nxb1 Rxb1+ 0-1